<?xml version="1.0" encoding="UTF-8"?>
<record
    xmlns:xsi="http://www.w3.org/2001/XMLSchema-instance"
    xsi:schemaLocation="http://www.loc.gov/MARC21/slim http://www.loc.gov/standards/marcxml/schema/MARC21slim.xsd"
    xmlns="http://www.loc.gov/MARC21/slim">

  <leader>00738nam a2200205Ia 4500</leader>
  <controlfield tag="008">201124s9999||||xx |||||||||||||| ||und||</controlfield>
  <datafield tag="020" ind1=" " ind2=" ">
    <subfield code="a">7518803100</subfield>
  </datafield>
  <datafield tag="020" ind1=" " ind2=" ">
    <subfield code="a">9787518803101</subfield>
  </datafield>
  <datafield tag="041" ind1=" " ind2=" ">
    <subfield code="a">chi</subfield>
  </datafield>
  <datafield tag="050" ind1=" " ind2=" ">
    <subfield code="a">BV664  </subfield>
    <subfield code="b">.L585 2017</subfield>
  </datafield>
  <datafield tag="100" ind1=" " ind2=" ">
    <subfield code="a">&#x5218;&#x91D1;&#x5149;</subfield>
  </datafield>
  <datafield tag="245" ind1=" " ind2="0">
    <subfield code="a">&#x4E3B;&#x6559;&#x4EFB;&#x547D;&#x5236;&#x7684;&#x5386;&#x53F2;&#x5B17;&#x53D8;&#x53CA;&#x5176;&#x5BF9;&#x56FD;&#x9645;&#x5173;&#x7CFB;&#x7684;&#x5F71;&#x54CD;</subfield>
    <subfield code="b"> /</subfield>
    <subfield code="c">&#x5218;&#x91D1;&#x5149;</subfield>
  </datafield>
  <datafield tag="246" ind1=" " ind2=" ">
    <subfield code="a">&#x4E3B;&#x6559;&#x4EFB;&#x547D;&#x5236;&#x7684;&#x6B77;&#x53F2;&#x5B17;&#x8B8A;&#x53CA;&#x5176;&#x5C0D;&#x570B;&#x969B;&#x95DC;&#x7CFB;&#x7684;&#x5F71;&#x97FF;</subfield>
  </datafield>
  <datafield tag="260" ind1=" " ind2=" ">
    <subfield code="a">&#x5317;&#x4EAC;:</subfield>
    <subfield code="b">&#x5B97;&#x6559;&#x6587;&#x5316;&#x51FA;&#x7248;&#x793E;,</subfield>
  </datafield>
  <datafield tag="300" ind1=" " ind2=" ">
    <subfield code="a">5, 3, 14, 2, 3, 4, 3, 5, 302 p.</subfield>
    <subfield code="b">;</subfield>
    <subfield code="c">24 cm.</subfield>
  </datafield>
  <datafield tag="490" ind1=" " ind2=" ">
    <subfield code="a">&#x57FA;&#x7763;&#x6559;&#x4E2D;&#x56FD;&#x5316;&#x7814;&#x7A76;&#x4E1B;&#x4E66;</subfield>
  </datafield>
  <datafield tag="650" ind1=" " ind2=" ">
    <subfield code="a">Bishops -- Appointment, call, and election -- History.</subfield>
  </datafield>
  <datafield tag="650" ind1=" " ind2=" ">
    <subfield code="a">Catholic Church -- Bishops -- Appointment, call, and election.</subfield>
  </datafield>
  <datafield tag="952" ind1=" " ind2=" ">
    <subfield code="0">0</subfield>
    <subfield code="1">0</subfield>
    <subfield code="4">0</subfield>
    <subfield code="7">0</subfield>
    <subfield code="a">GETS</subfield>
    <subfield code="b">GETS</subfield>
    <subfield code="c">GEN</subfield>
    <subfield code="d">2020-11-24</subfield>
    <subfield code="l">0</subfield>
    <subfield code="o">BV664 .L585 2017</subfield>
    <subfield code="p">00018912</subfield>
    <subfield code="r">2020-11-24 00:00:00</subfield>
    <subfield code="w">2020-11-24</subfield>
    <subfield code="y">CB</subfield>
  </datafield>
  <datafield tag="999" ind1=" " ind2=" ">
    <subfield code="c">31325</subfield>
    <subfield code="d">31325</subfield>
  </datafield>
</record>
